000 00642nam a2200169 a 4500
001 000020802
005 20200930011152.0
008 100817s1972 dr 000 0 spa d
040 _aDO-SdBNP
_bspa
_cBPJMB
082 _a378.168
_bI59s
110 2 _aInstituto para la Formación y Aprovechamiento de Recursos Humanos
_943598
245 1 0 _aSeguro educativo :
_bsignificado y beneficios /. /
_cIFARHU.
260 _aPanamá :
_bInstituto para la Formación y Aprovechamiento de Recursos Humanos,
_c1972.
300 _a147 p. :
_bil. ;
_c22 cm.
650 4 _aCredito educativo
_zPanamá
_943599
650 4 _aEducación
_zPanamá
_xFinanciamiento
_943600
999 _c20306
_d20306